The Japanese wartime empire, 1931-1945 (Record no. 13542)

000 -LEADER
fixed length control field 01730nad a2200241M 4500
020 ## - INTERNATIONAL STANDARD BOOK NUMBER
ISBN 0691043825
040 ## - CATALOGING SOURCE
Transcribing agency MiU
082 ## - DEWEY DECIMAL CLASSIFICATION NUMBER
Classification number 950 PRI 1996 A101 Or.
245 04 - TITLE STATEMENT
Title The Japanese wartime empire, 1931-1945
260 ## - PUBLICATION, DISTRIBUTION, ETC. (IMPRINT)
Place of publication Princeton, N.J. :
Name of publisher Princeton University Press,
Year of publication c1996.
300 ## - PHYSICAL DESCRIPTION
Number of Pages xlvii, 375 p. :
Other physical details ill. ;
Dimensions 25 cm.
520 1# - SUMMARY, ETC.
Summary, etc "With this book the editors complete the three-volume series on modern Japanese colonialism and imperialism that began with The Japanese Colonial Empire, 1895-1945 (Princeton, 1983) and The Japanese Informal Empire in China, 1895-1937 (Princeton, 1989). The Japanese military takeover in Manchuria between 1931 and 1932 was a critical turning point in East Asian history. It marked the first surge of Japanese aggression beyond the boundaries of its older colonial empire and set Japan on a collision course with China and Western colonial powers from 1937 through 1945. These essays seek to illuminate some of the more significant processes and institutions during the period when the empire was at war: the creation of a Japanese-dominated East Asian economic bloc centered in northeast Asia, the mobilization of human and physical resources in the older established areas of Japanese colonial rule, and the penetration and occupation of Southeast Asia." -- Text from book jacket.
650 #0 - SUBJECT ADDED ENTRY--TOPICAL TERM
Topical Term World War, 1939-1945
650 #0 - SUBJECT ADDED ENTRY--TOPICAL TERM
Topical Term World War, 1939-1945
650 #0 - SUBJECT ADDED ENTRY--TOPICAL TERM
Topical Term Sino-Japanese War, 1937-1945
700 1# - ADDED ENTRY--PERSONAL NAME
Personal name Duus, Peter,
700 1# - ADDED ENTRY--PERSONAL NAME
Personal name Myers, Ramon Hawley,
700 1# - ADDED ENTRY--PERSONAL NAME
Personal name Peattie, Mark R.,
700 1# - ADDED ENTRY--PERSONAL NAME
Personal name Zhou, Wanyao.
710 2# - ADDED ENTRY--CORPORATE NAME
Corporate name or jurisdiction name as entry element American Council of Learned Societies.
856 40 - ELECTRONIC LOCATION AND ACCESS
Uniform Resource Identifier http://metlibrary.idm.oclc.org/login?url=http://hdl.handle.net/2027/heb.01938
942 ## - ADDED ENTRY ELEMENTS (KOHA)
Koha item type សៀវភៅភាសាអង់គ្លេស
952 ## - LOCATION AND ITEM INFORMATION (KOHA)
Withdrawn status [LOCAL, KOHA] 0
Holdings
Permanent Location Date acquired Koha item type Lost status Shelving location Barcode Current Location Full call number
Library Block A2017-08-28សៀវភៅភាសាអង់គ្លេស A101A21061Library Block A950 PRI 1996 A101 Or.
មជ្ឈមណ្ឌលឯការនៃសាកលវិទ្យាល័យភូមិន្ទកសិកម្មចំការដូង

Powered by Koha